Trabalho duro, discurso flexível: uma análise das contradicoes do toyotismo a partir da vivencia de trabalhadores

Guardado en:
Detalles Bibliográficos
Autor principal: Bernardo, Marcia Hespanhol (Autor)
Formato: Libro
Lenguaje:portugués
Publicado: Sao Paulo Expressao Popular 2009
Edición:1a. ed
Materias:
Etiquetas: Agregar Etiqueta
Sin Etiquetas, Sea el primero en etiquetar este registro!

MARC

LEADER 00000cam a2200000 a 4500
001 UCG7674
003 CL-VaPUC
008 110905e20090000BL |||||||||||||||||por|d
020 |a 9788577431038 
082 0 4 |a 331.2  |b BER  |2 21 
100 0 |a Bernardo, Marcia Hespanhol  |e author  |9 558163 
245 1 0 |a Trabalho duro, discurso flexível: uma análise das contradicoes do toyotismo a partir da vivencia de trabalhadores 
250 |a 1a. ed 
300 |a 192 p 
942 |c BK 
945 |d 20110905 00:00:00  |a dcastane 
260 |a Sao Paulo  |b Expressao Popular  |c 2009 
650 0 |a Trabajadores  |9 260887 
650 7 |a CALIDAD DE EMPLEO  |2 CL-VaPUC  |9 558164 
650 7 |a SOCIOLOGIA DEL TRABAJO  |2 CL-VaPUC  |9 558165 
583 |a last modification  |c 20110905 13:21:00  |k Rodrigo Vera 
999 |c 345458  |d 345456 
952 |0 0  |1 0  |4 0  |6 331_200000000000000_BER_2009  |7 0  |8 A  |9 444190  |a BIBEDU  |b BIBEDU  |d 2019-11-22  |i 4789474  |o 331.2 BER 2009  |p 4789474  |r 2019-11-22  |w 2019-11-22  |y BK  |k PSI